| 000 | 00587nam a2200229 a 4500 | ||
|---|---|---|---|
| 999 |
_c9109 _d9109 |
||
| 001 | 9109 | ||
| 003 | BD-JhCC | ||
| 005 | 20180524104208.0 | ||
| 008 | 171024s2007 ind |||| ||a| 001 0 eng d | ||
| 020 | _a8721906644 | ||
| 035 | _a(BD-JhCC)9109 | ||
| 040 |
_aBD-JhCC _dBD-JhCC |
||
| 041 | _aeng | ||
| 082 |
_a320 _bAGA 2007 |
||
| 100 | _aAgarwal, R.C. | ||
| 245 |
_aPolitical Theory : _bPrinciples of political science / _c R.C.Agarwal |
||
| 260 |
_aNew Delhi : _bRam Nagar, _c2007. |
||
| 300 |
_a283 p. : _c21 cm. |
||
| 650 | _aPolitical Science | ||
| 942 |
_2ddc _cBK |
||